000 00468nam a2200169Ia 4500
008 240729s9999 xx 000 0 und d
022 _a2230-2034
245 0 _aVeterinary Medicine: Research and Reports
260 _aUnited Kingdom
260 _bDove Medical Press
650 _a Animal culture
650 _a Veterinary medicine
650 _aAgriculture
856 _uhttps://doaj.org/toc/6b1cadbb56404b278991799e04b5f2e9
942 _2ddc
942 _cDOAJEJ
999 _c73635
_d73635
945 _a1
_bMadushi Gamage
_c1
_dMadushi Gamage